[Event "II Criciúma Chess Open - A1700 - 12-18"]
[Site "Criciúma SC"]
[Date "2024.01.16"]
[Round "6.21"]
[White "Ribeiro, Dionatan Lua Franze"]
[Black "Borger, David Lupovici"]
[Result "1/2-1/2"]
[WhiteElo "1820"]
[BlackElo "1899"]
[PlyCount "167"]
[EventDate "2024.01.12"]
[EventRounds "9"]
[EventCountry "BRA"]

1. e4 c5 2. Nc3 Nc6 3. Bb5 Nd4 4. Bc4 e6 5. Nf3 Ne7 6. Nxd4 cxd4 7. Nb5 Nc6 8.
c3 Qb6 ({RR} 8... Ne5 9. Bb3 Nd3+ 10. Ke2 Nxc1+ 11. Rxc1 dxc3 12. Rxc3 Ke7 13.
d4 Qb6 14. Qd3 f6 15. Rhc1 Kd8 16. d5 exd5 17. Nc7 Rb8 18. Nxd5 Qd6 19. Qc2
Qa6+ 20. Bc4 b5 21. Bd3 Bd6 22. a4 Bb7 23. axb5 {Bertholee,R (2332)-Ewert,H 
(2164) Germany 2017 0-1 (76)}) 9. Qb3 $146 ({RR} 9. b3 a6 10. Na3 dxc3 11. dxc3
Qa5 12. Nb1 Qe5 13. Qe2 b5 14. Bd3 Bb7 15. O-O Bc5 16. Bb2 O-O 17. Nd2 Qg5 18.
Nf3 Qh5 19. c4 bxc4 20. bxc4 a5 21. a4 Rfe8 22. Qd2 Nb4 23. Bc3 Rad8 {Ursic,M 
(1728)-Leban,M (1957) Nova Gorica 2007 0-1 (48)}) ({RR} 9. d3 a6 10. Nxd4 Nxd4
11. cxd4 Qxd4 12. O-O b5 13. Bb3 Bb7 14. Qe2 Be7 15. Be3 Qb4 16. Bd2 Qd6 17. a3
a5 18. Rac1 O-O 19. e5 Qd4 20. Bc3 Qb6 21. Qg4 Rac8 22. Bd4 Qa6 23. Be3 f5 {
Kostka,V (1706)-Olsar,Z (1989) Orlova 2011 1/2-1/2}) ({RR} 9. a4 a6 10. Na3 Be7
11. O-O O-O 12. d3 Na5 13. cxd4 Bxa3 14. Rxa3 Qxd4 15. Ba2 d5 16. Qe2 b5 17.
Be3 Qe5 18. axb5 d4 19. Bd2 Nb7 20. Bb4 Rd8 21. bxa6 Nd6 22. Ra5 Qf4 23. Bd2
Qh4 {Isambaev,A-Shnayder,V (1912) Samara 2015 1-0}) 9... Bc5 10. O-O O-O 11.
Nxd4 Nxd4 12. cxd4 Qxb3 13. Bxb3 Bxd4 14. d3 b6 15. Rb1 Ba6 16. Bc4 b5 17. Bb3
f5 18. exf5 Rxf5 19. Be3 Bxe3 20. fxe3 Raf8 21. Rxf5 Rxf5 22. Rc1 b4 23. Bc4
Ra5 24. e4 Kf7 25. Kf2 Bxc4 26. Rxc4 Rxa2 27. Rxb4 e5 28. Ke3 Ke6 29. h3 Ra1
30. Rb3 Rg1 31. Kf2 Rc1 32. Rb7 Rc2+ 33. Kf3 Rd2 34. Rb3 Kd6 35. g3 Kc5 36. Ke3
Rg2 37. Kf3 Rd2 38. Ke3 Rh2 39. h4 a5 40. Rb7 Kc6 41. Rb3 h6 42. Kf3 h5 43. Ke3
Rg2 44. Kf3 Rh2 45. Ke3 Rc2 46. d4 d6 47. Kd3 Rg2 48. Kc4 a4 49. Rb4 exd4 50.
Kxd4 Rxg3 51. Rxa4 Rb3 52. Ra6+ Kd7 53. Ra7+ Ke6 54. Rxg7 Rxb2 55. Rg6+ Ke7 56.
Rh6 Rb5 57. Rg6 Re5 58. Rh6 Kd7 59. Rg6 Ke7 60. Rg7+ Ke6 61. Ra7 Kf6 62. Ra6
Ke7 63. Kd3 Kd7 64. Kd4 Ke7 65. Ra1 Kf6 66. Rf1+ Ke6 67. Rf8 Ke7 68. Rh8 Kf7
69. Rh6 Ke7 70. Rg6 Kd7 71. Rg1 Ke7 72. Rd1 Ke6 73. Ke3 d5 74. Rxd5 Rxd5 75.
exd5+ Kxd5 76. Kf4 Ke6 77. Kg5 Kf7 78. Kxh5 Kg8 79. Kg6 Kh8 80. h5 Kg8 81. Kh6
Kh8 82. Kg6 Kg8 83. h6 Kh8 84. h7 1/2-1/2

[Event "II Criciúma Chess Open - A1700 - 12-18"]
[Site "Criciúma SC"]
[Date "2024.01.16"]
[Round "6.22"]
[White "Jenidarchiche, Douglas Rodrigo"]
[Black "Cardoso, Lucas Emanuel Alves"]
[Result "1-0"]
[WhiteElo "1845"]
[BlackElo "1710"]
[PlyCount "101"]
[EventDate "2024.01.12"]
[EventRounds "9"]
[EventCountry "BRA"]

1. e4 c5 2. Nf3 d6 3. d3 Nc6 4. c3 e6 5. g3 g6 6. Bg2 Bg7 7. O-O Nge7 8. Bg5
O-O ({RR} 8... h6 9. Be3 O-O 10. Qd2 Kh7 11. d4 cxd4 12. cxd4 d5 13. e5 Bd7 14.
Nc3 Na5 15. b3 Qb6 16. Rfc1 Rfc8 17. Ne1 Nf5 18. Ne2 Bf8 19. Nd3 Bb5 20. g4
Nxe3 21. fxe3 Qa6 22. Rxc8 Rxc8 23. Rc1 {Kislov,M (2415)-Morchat,M (2285)
Augustow 1989 1/2-1/2 (32)}) 9. Qd2 Qc7 ({RR} 9... d5 10. Re1 Qc7 11. Bh6 dxe4
12. Rxe4 Rd8 13. Bxg7 Kxg7 14. d4 cxd4 15. Rh4 Nf5 16. Rh3 h5 17. Nh4 Nh6 18.
Qg5 e5 19. g4 Bxg4 20. Rg3 Qe7 21. Qxe7 Nxe7 22. h3 Be6 23. Bf3 Nhf5 24. Nxf5+
{Jose,A (1635)-Nakata,T (1766) Sao Bernardo do Campo 2015 0-1 (58)}) 10. Bh6
$146 ({RR} 10. d4 cxd4 11. cxd4 b6 12. Nc3 a6 13. Rac1 Qd7 14. Rfe1 Bb7 15. h4
h5 16. Bh6 Kh7 17. Bxg7 Kxg7 18. Bh3 f5 19. Ng5 Nd8 20. Re2 Bc8 21. Qe3 Nec6
22. exf5 exf5 23. Nd5 Qb7 24. b4 Bd7 {Kalmar,M-Vass,P Hungary 2005 1/2-1/2}) ({
RR} 10. Na3 a6 11. Rac1 Rb8 12. d4 b5 13. Nc2 f6 14. Bh6 e5 15. Bxg7 Kxg7 16.
Ne3 Rd8 17. b4 c4 18. d5 Na7 19. Rfd1 Bd7 20. Nh4 g5 21. Nhf5+ Nxf5 22. exf5
Nc8 23. h4 h6 24. Bh3 Nb6 {Martins,R-Montenegro,Q Fortaleza 1999 0-1 (72)})
10... Rb8 11. h4 b5 12. Nh2 e5 13. Na3 Be6 14. Nc2 b4 15. Bxg7 Kxg7 16. Ne3
bxc3 17. bxc3 h5 18. Rfc1 Qa5 19. Nf3 Qb6 20. Ng5 Qb2 21. Qe1 Qb7 22. Nxe6+
fxe6 23. Nc4 Qc7 24. Rc2 Ng8 25. Bh3 d5 26. Nd2 Rf6 27. Rb1 Rxb1 28. Qxb1 Nge7
29. Rb2 Qa5 30. Rb3 c4 31. dxc4 Qc5 32. Qf1 d4 33. Kg2 dxc3 34. Rxc3 Qa5 35.
Rc2 Nb4 36. Nb3 Qc7 37. Rd2 a5 38. a3 Nbc6 39. Qd1 Qb6 40. c5 Qb5 41. Qc2 a4
42. Nc1 Nd4 43. Qc3 Qc6 44. Qe3 Rf3 45. Qe1 Rxa3 46. Nd3 Nb3 47. Nxe5 Qxc5 48.
Rd7 Ra1 49. Qe2 Qc1 50. Rxe7+ Kf8 51. Nxg6+ 1-0

[Event "II Criciúma Chess Open - A1700 - 12-18"]
[Site "Criciúma SC"]
[Date "2024.01.16"]
[Round "6.23"]
[White "Mariano, Kaiki Pereira"]
[Black "Pimenta, Elisandro Da Silva"]
[Result "1/2-1/2"]
[WhiteElo "1700"]
[BlackElo "1829"]
[PlyCount "108"]
[EventDate "2024.01.12"]
[EventRounds "9"]
[EventCountry "BRA"]

1. c4 c5 2. Nc3 Nf6 3. g3 d5 4. cxd5 Nxd5 5. Bg2 Nc7 6. Nf3 Nc6 7. O-O e5 8. b3
Be7 9. Bb2 O-O 10. Rc1 b6 ({RR} 10... Be6 11. Ne4 b6 12. Nxe5 Nxe5 13. Bxe5 Nd5
14. Nc3 Rc8 15. Nxd5 Bxd5 16. Bxd5 Qxd5 17. Bc3 h5 18. h4 Rc6 19. Qc2 Rg6 20.
Kh2 Bxh4 21. e4 Qg5 22. Qd3 Rd8 23. Qe3 Qg4 24. Rg1 Bg5 25. f4 {Johnson,B 
(2110)-Golubovskis,M (2210) chess.com INT 2021 1-0 (48)}) 11. d3 ({RR} 11. Ne1
Qd6 12. b4 Nxb4 13. Bxa8 Nxa8 14. f3 Nc7 15. Nc2 Nc6 16. d3 Rd8 17. Qe1 Bh3 18.
Rf2 h5 19. Rd1 Qg6 20. e4 Nb4 21. Nxb4 cxb4 22. Ne2 Bc5 23. Bxe5 Bxf2+ 24. Kxf2
Na6 25. Nf4 Qh6 {Ftacnik,L (2525)-Ribli,Z (2590) Vienna 1996 1/2-1/2 (39)})
11... f6 12. Nd2 $146 ({RR} 12. Nh4 Qd6 13. f4 exf4 14. Ne4 Qd7 15. gxf4 Nd5
16. b4 Ne3 17. Qb3+ Qe6 18. Nxc5 Qxb3 19. Nxb3 Nxg2 20. Kxg2 Nxb4 21. a3 Nd5
22. Kf3 f5 23. Rg1 Rf7 24. Ng2 Bb7 25. Kf2 Bd6 26. e3 Re8 {Samoun,F (2313)
-Guilleux,F (2387) Paris FRA 2018 0-1 (35)}) 12... Bd7 13. Nc4 Rc8 14. Ne3 Be8
15. Nf5 Nd4 16. Nxe7+ Qxe7 17. e3 Nde6 18. Qe2 Rd8 19. Rcd1 Nb5 20. Nd5 Qd6 21.
Rd2 Rf7 22. a4 Bc6 23. Nxf6+ gxf6 24. Bxc6 Qxc6 25. axb5 Qxb5 26. Qg4+ Ng7 27.
Qc4 Qxc4 28. bxc4 Rfd7 29. Rfd1 Ne6 30. Kf1 Kf7 31. Ke2 a5 32. f4 exf4 33. gxf4
Rg8 34. Kf3 h5 35. Bc3 a4 36. Rb1 Rb8 37. Ke2 Ra7 38. Ra2 Nc7 39. d4 cxd4 40.
Bxd4 Ra6 41. Rb4 b5 42. cxb5 Nxb5 43. Raxa4 Nxd4+ 44. Rxd4 Rxa4 45. Rxa4 Rb2+
46. Kf3 Rxh2 47. Kg3 Rh1 48. Kg2 Re1 49. Kf2 Rb1 50. Ra8 Kg6 51. e4 Rb3 52. e5
fxe5 53. fxe5 Kf5 54. Kg1 Kxe5 1/2-1/2

[Event "II Criciúma Chess Open - A1700 - 12-18"]
[Site "Criciúma SC"]
[Date "2024.01.16"]
[Round "6.24"]
[White "Cardoso, Leandro Ubialli"]
[Black "Gomes, Maria Eduarda Papin"]
[Result "1-0"]
[WhiteElo "1842"]
[BlackElo "1744"]
[PlyCount "57"]
[EventDate "2024.01.12"]
[EventRounds "9"]
[EventCountry "BRA"]

1. e4 d5 2. exd5 Qxd5 3. Nc3 Qd6 4. Bc4 Nf6 5. d4 a6 6. Nge2 Nc6 ({RR} 6... Qc6
7. Bb3 Qxg2 8. Rg1 Qh3 9. Bf4 Qd7 10. Qd3 Nc6 11. a3 e6 12. O-O-O Ne7 13. Be5
Ng6 14. Bxf6 gxf6 15. d5 e5 16. Ba4 b5 17. Nxb5 Bh6+ 18. Kb1 O-O 19. Nbc3 Qh3
20. Qc4 Bg7 21. Qxc7 {McShane,L (2568)-Lalic,B (2547) Catalan Bay 2003 1-0 (35)
}) 7. O-O ({RR} 7. Bf4 e5 8. dxe5 Nxe5 9. Qc1 Be6 10. Bxe6 Qxe6 11. O-O O-O-O
12. Qe3 Nc6 13. Qxe6+ fxe6 14. a3 h6 15. Rfe1 e5 16. Bg3 Rd2 17. Rac1 Bc5 18.
Red1 Rhd8 19. Rxd2 Rxd2 20. Kf1 b5 21. b4 Bb6 {Bouzidi,A (2219)-Al Zayat,A 
(2221) Algier 2017 0-1 (50)}) 7... Bg4 8. f3 Bf5 $146 ({RR} 8... Bh5 9. Bf4 e5
10. dxe5 Nxe5 11. Bb3 O-O-O 12. Qe1 g5 13. Bg3 Bg7 14. Kh1 Rhe8 15. Rd1 Qc5 16.
Rxd8+ {1-0 (16) Bojarinov,V (2301)-Matveev,M (2238) Nizhnij Novgorod 2011}) 9.
a3 e6 10. b4 b5 11. Bb3 Rd8 12. Bf4 Qd7 13. d5 exd5 14. Qe1 Be7 15. Rd1 d4 16.
Nxd4 Nxd4 17. Be5 O-O 18. Bxd4 Qe8 19. Qe5 Bg6 20. Nd5 Rxd5 21. Bxd5 Qd8 22.
Bb3 Bd6 23. Qg5 Nd7 24. Qxd8 Rxd8 25. Bf2 Re8 26. Rfe1 Rxe1+ 27. Rxe1 Kf8 28.
c4 Nf6 29. Bg3 1-0

[Event "II Criciúma Chess Open - A1700 - 12-18"]
[Site "Criciúma SC"]
[Date "2024.01.16"]
[Round "7.1"]
[White "Piccoli, Lucas Fonseca"]
[Black "Quintiliano Pinto, Renato R."]
[Result "0-1"]
[WhiteElo "2263"]
[BlackElo "2493"]
[PlyCount "143"]
[EventDate "2024.01.12"]
[EventRounds "9"]
[EventCountry "BRA"]

1. e4 c5 2. Nf3 d6 3. d4 cxd4 4. Nxd4 Nf6 5. Nc3 a6 6. Be2 e5 7. Nb3 Be6 8. O-O
Nbd7 9. Bf3 Be7 ({RR} 9... Rc8 10. a4 Be7 11. a5 O-O 12. Be3 Re8 13. Re1 Qc7
14. Nc1 Bf8 15. Nd3 d5 16. exd5 Bf5 17. Ra4 e4 18. Bf4 exd3 19. Bxc7 dxc2 20.
Qc1 Rxe1+ 21. Qxe1 Rxc7 22. Na2 Nc5 23. Rc4 Nd3 24. Qc3 {Romero Barreto,J 
(2337)-Ricardi,P (2485) Buenos Aires ARG 2019 1-0 (33)}) 10. Re1 O-O $146 ({RR
} 10... Qc7 11. a4 b6 12. Nd2 O-O 13. Nf1 Rfc8 14. Bg5 h6 15. Bh4 Nc5 16. Bxf6
Bxf6 17. Ne3 Qb7 18. Ncd5 Bg5 19. Nc4 Bxd5 20. Qxd5 Qxd5 21. exd5 Nd7 {1/2-1/2
(21) Ng,A (2121)-Fisher,W (2178) Groveville 2011}) ({RR} 10... Rc8 11. Nd2 b5
12. Nf1 O-O 13. Ne3 Nb6 14. a4 b4 15. Ncd5 Nfxd5 16. exd5 Bd7 17. a5 Nc4 18.
Nxc4 Rxc4 19. Bd2 Qc7 20. c3 bxc3 21. Bxc3 Bb5 22. Qd2 Qb7 23. Rad1 h6 24. Re4
Bg5 25. Qe1 {Kravtsiv,M (2653)-Solovchuk,A (2375) Lvov 2017 1-0 (60)}) ({RR} 
10... Rc8 11. a4 O-O 12. Nd2 Rxc3 13. bxc3 Qc7 14. Bb2 Nb6 15. a5 Nc4 16. Nxc4
Bxc4 17. Ba3 Rd8 18. Qd2 h6 19. Bb4 Ne8 20. Qc1 Bg5 21. Qa3 Qc6 22. Rad1 Be7
23. g3 Nc7 24. Bg2 Nb5 25. Qb2 {Janska,J (1897)-Mikes,J (1976) Czechia 2012
0-1 (58)}) 11. a4 Qb8 12. Nd2 Bd8 13. Nf1 Ba5 14. Bd2 Qc7 15. Nb1 Bxd2 16. Qxd2
Rac8 17. Ne3 Rfd8 18. Nc3 Nb6 19. a5 Nc4 20. Nxc4 Qxc4 21. Ra4 Qc5 22. h3 h6
23. Qe2 b5 24. axb6 Qxb6 25. Nd1 a5 26. b3 Nd7 27. Ne3 Nc5 28. Raa1 Qb4 29. Nf1
a4 30. bxa4 Nxa4 31. Bg4 Nc3 32. Qf3 Qc4 33. Ng3 g6 34. Bxe6 Qxe6 35. Qd3 d5
36. exd5 Rxd5 37. Qe3 Kg7 38. Ne2 Nb5 39. Qb3 Qc6 40. Ra5 Rc5 41. Qb2 Rd8 42.
Nc1 Rdd5 43. Nd3 Rxc2 44. Qa1 Qf6 45. Qb1 Rd2 46. Rxb5 R5xd3 47. Rf1 h5 48. Qe1
Rd5 49. Rb3 R2d3 50. Rxd3 Rxd3 51. Qe2 Rd5 52. Re1 Qf5 53. Qb2 Kh7 54. Qe2 Rc5
55. Qe4 Rc1 56. Qe3 Rxe1+ 57. Qxe1 h4 58. Qb4 Qf6 59. Qg4 Qd8 60. Kh2 Qd4 61.
Qe2 Kg7 62. Kg1 g5 63. Qh5 Qd2 64. Qg4 Qc1+ 65. Kh2 Qf4+ 66. Kg1 Qxg4 67. hxg4
f5 68. gxf5 Kf6 69. f3 Kxf5 70. Kf2 Kf4 71. g3+ hxg3+ 72. Kg2 0-1

[Event "II Criciúma Chess Open - A1700 - 12-18"]
[Site "Criciúma SC"]
[Date "2024.01.16"]
[Round "7.2"]
[White "Di Berardino, Diego Rafael"]
[Black "Umetsubo, Cesar Hidemitsu"]
[Result "1/2-1/2"]
[WhiteElo "2480"]
[BlackElo "2349"]
[PlyCount "60"]
[EventDate "2024.01.12"]
[EventRounds "9"]
[EventCountry "BRA"]

1. d4 {Karjakin,S} d5 2. c4 e6 3. Nc3 Nf6 4. cxd5 exd5 5. Bg5 c6 6. e3 h6 7.
Bh4 Be7 8. Bd3 O-O 9. Qc2 Nh5 10. Bxe7 Qxe7 11. Nce2 $146 ({RR} 11. Nge2 Re8
12. O-O Nd7 13. h3 Nf8 14. Rae1 g6 15. e4 dxe4 16. Bxe4 Be6 17. g4 Nf6 18. Bg2
Qd6 19. Qd2 Kg7 20. Rd1 Bd5 21. Ng3 Ne6 22. f4 Bxg2 23. Kxg2 Nd5 24. Nce2 Qb4
25. Nc3 Rad8 {Boutteville,C-Tartakower,S Paris 1954 0-1 (42)}) ({RR} 11. Nf3
Nf4 12. Bf1 Nd7 ({RR} 12... Nd7 13. O-O-O Ng6 ({RR} 13... Nh5 14. g4) 14. h4
Qf6 15. Bd3 Nb6 16. h5 ({RR} 16. Kb1) 16... Ne7 17. Rh4 Bf5 18. Bxf5 ({RR} 18.
Rf4 Bxd3 19. Qxd3 Qe6 20. g4 f6) 18... Qxf5 19. Qxf5 Nxf5 20. Rf4 Nd6 21. Ne5
Rae8 22. Rh1 Re7 23. Kc2 Rfe8 24. b3 a5 25. a4 Na8 26. Nd3 Nc7 27. Rg4) 13.
O-O-O Ng6 ({RR} 13... Nh5 14. g4) 14. h4 Qf6 15. Bd3 Nb6 16. h5 ({RR} 16. Kb1)
16... Ne7 17. Rh4 Bf5 18. Bxf5 ({RR} 18. Rf4 Bxd3 19. Qxd3 Qe6 20. g4 f6) 18...
Qxf5 19. Qxf5 Nxf5 20. Rf4 Nd6 21. Ne5 Rae8 22. Rh1 Re7 23. Kc2 Rfe8 24. b3 a5
25. a4 Na8 {Karjakin,S (2771)-Kramnik,V (2783) Stavanger 2014 CBM 161 
[Karjakin,S] 1-0 (72)}) ({RR} 11. Nf3 Nf4 12. Bf1 Bg4 13. Ne5 Bh5 14. g4 Bg6
15. Nxg6 Nxg6 16. O-O-O Nh4 17. Kb1 Nd7 18. e4 dxe4 19. Nxe4 Nf6 20. Nxf6+ Qxf6
21. Bc4 Rfd8 22. d5 Rac8 23. dxc6 Qxc6 24. Rxd8+ Rxd8 25. Rc1 Nf3 {Ferreira,R 
(1754)-Lutz,I (1947) Florianopolis 2024 0-1 (34)}) ({RR} 11. Nge2 Re8 12. O-O-O
b5 13. h3 Nf6 14. Kb1 a5 15. g4 Na6 16. Ng3 Nb4 17. Qd2 a4 18. Bf5 a3 19. b3
Ne4 20. Ncxe4 Bxf5 21. gxf5 dxe4 22. Rc1 Qd6 23. Rc3 Nd5 24. Rc2 b4 25. Rhc1
Nc3+) ({RR} 11. Nge2 a5 12. O-O Be6 13. a3 Nd7 14. Ng3 Nxg3 15. hxg3 Nf6 16.
Na4 Ng4 17. Bf5 Bxf5 {1/2-1/2 (17) Kucharik,J-Jurak,S Brno 2005}) ({RR} 11.
Nge2 f5 12. O-O-O f4 13. Bh7+ Kh8 14. Bg6 fxe3 15. Bxh5 Bf5 16. Qb3 exf2 17.
Rd2 Be4 18. Bf3 Bxf3 19. gxf3 Rxf3 20. Rf1 Qd7 21. Ng3 Na6 22. Rdxf2 Rxf2 23.
Rxf2 b6 24. Qa3 Nc7 25. Rf8+ Rxf8 {Adam,O-Bossmann,S Kassel 1999 1-0 (42)})
11... Qb4+ 12. Qd2 a5 13. Nf3 Bg4 14. a3 Qxd2+ 15. Nxd2 Bxe2 16. Kxe2 Re8 17.
g3 Na6 18. Rhb1 Nc7 19. b4 Ne6 20. Kf1 axb4 21. axb4 Nf6 22. Rc1 Kf8 23. Nb3
Ne4 24. f3 Nd6 25. Kf2 Nc7 26. Nc5 Ke7 27. e4 dxe4 28. fxe4 Rxa1 29. Rxa1 b6
30. Nb3 f6 1/2-1/2

[Event "II Criciúma Chess Open - A1700 - 12-18"]
[Site "Criciúma SC"]
[Date "2024.01.16"]
[Round "7.3"]
[White "Languidey, Simon Alejandro"]
[Black "Hoffman, Alejandro"]
[Result "0-1"]
[WhiteElo "2402"]
[BlackElo "2358"]
[PlyCount "79"]
[EventDate "2024.01.12"]
[EventRounds "9"]
[EventCountry "BRA"]

1. e4 e5 2. Nf3 d6 3. d4 exd4 4. Qxd4 Nc6 5. Bb5 Bd7 6. Bxc6 Bxc6 7. Nc3 Nf6 8.
Bg5 Be7 9. O-O-O O-O 10. Rhe1 Re8 11. Bh4 $146 ({RR} 11. Kb1 Bd7 12. Bxf6 Bxf6
13. e5 Be7 14. Nd5 Bf8 15. exd6 cxd6 16. Rxe8 Bxe8 17. Nd2 Bc6 18. Ne4 f5 19.
Nec3 Qd7 20. a3 Qf7 21. h3 a6 22. g4 Re8 23. f4 Re6 24. g5 b5 25. h4 Re8 {
Anderssen,A-Paulsen,L Vienna 1873 1-0 (54)}) ({RR} 11. Qd2 Qd7 12. Nd4 h6 13.
Bf4 Ng4 14. Nf5 Bf8 15. f3 Ne5 16. Qf2 b5 17. g4 b4 18. Ne2 a5 19. g5 hxg5 20.
Bxg5 Nxf3 21. Bf6 Bxe4 22. Nxg7 Bxg7 23. Qg3 Bg6 24. Qxf3 Bxf6 25. Qxf6 Re6 {
Sandipan,C (2579)-Bu,X (2714) Beijing 2008 0-1 (48)}) ({RR} 11. h4 h6 12. Bf4
Ng4 13. Qd2 Bf6 14. Nd4 Bxd4 15. Qxd4 Qxh4 16. f3 Qf6 17. Qd2 Nf2 18. Qxf2
Qxf4+ 19. Kb1 Re7 20. Rh1 a6 21. Rh4 Qf6 22. g4 Rae8 23. Qg3 Re5 24. Rdh1 Rc5
25. Nd1 Qd4 {Delgado Ramirez,N (2628)-Hoffman,A (2441) Buenos Aires ARG 2019
0-1 (64)}) ({RR} 11. h3 a6 12. Kb1 h6 13. Bc1 Nd7 14. Nd5 Bf6 15. Qc4 Bxd5 16.
Qxd5 Qc8 17. g4 Re6 18. Nd4 Re5 19. Qc4 b5 20. Qf1 Qb7 21. f3 Rae8 22. Bf4 R5e7
23. Nf5 Re6 24. h4 Nc5 25. g5 Be5 {Van Riemsdijk,H (2318)-Hoffman,A (2488)
Buenos Aires 2017 1/2-1/2 (56)}) ({RR} 11. Kb1 h6 12. Bc1 Nh7 13. Nd5 Bf6 14.
Qc4 a6 15. e5 Bxe5 16. Nxe5 Rxe5 17. Rxe5 dxe5 18. Qc5 Kh8 19. Rd3 Qd6 20. Qxd6
cxd6 21. g3 Rd8 22. Be3 Bxd5 23. Rxd5 Nf6 24. Rd3 d5 25. Bb6 Rd6 {Secula,
V-Beyer,H Hamburg 1958 0-1 (87)}) ({RR} 11. g3 Nd7 12. Bxe7 Qxe7 13. Nh4 Qf6
14. Qe3 Nc5 15. f3 Na4 16. Nxa4 Bxa4 17. Nf5 Bd7 18. g4 Bxf5 19. gxf5 Re5 20.
Rg1 Rb5 21. c3 Ra5 22. Kb1 Re8 23. Qd4 Qe5 24. Rg2 Qxd4 25. cxd4 d5 {Moe,
M-Haahr,T Aalborg 1965 1/2-1/2 (49)}) 11... a6 12. h3 Nd7 13. Bxe7 Qxe7 14. Qd2
Nc5 15. Nd4 Qf6 16. f3 a5 17. Kb1 Ne6 18. Nf5 b5 19. Ne3 b4 20. Ncd5 Bxd5 21.
Nxd5 Qd8 22. g4 Rb8 23. Qd3 Nc5 24. Qd4 Ne6 25. Qc4 c5 26. f4 Qh4 27. e5 dxe5
28. Rxe5 Qxh3 29. f5 Ng5 30. Qb5 Rbd8 31. f6 h6 32. Qxc5 Qxg4 33. Rc1 Ne4 34.
Qe3 Rxd5 35. Rxd5 Nc3+ 36. bxc3 bxc3 37. Ka1 Qb4 38. Rd8 Rxd8 39. Rb1 Qxb1+ 40.
Kxb1 0-1

[Event "II Criciúma Chess Open - A1700 - 12-18"]
[Site "Criciúma SC"]
[Date "2024.01.16"]
[Round "7.4"]
[White "Librelato, Kathie Goulart"]
[Black "Cubas, Jose Fernando"]
[Result "0-1"]
[WhiteElo "2170"]
[BlackElo "2427"]
[PlyCount "58"]
[EventDate "2024.01.12"]
[EventRounds "9"]
[EventCountry "BRA"]

1. e4 c5 2. Nf3 d6 3. d4 cxd4 4. Nxd4 Nf6 5. Nc3 a6 6. Bg5 Nc6 7. f4 Qb6 8. Nb3
Qe3+ 9. Qe2 Qxe2+ 10. Bxe2 e6 11. Bf3 h6 $146 ({RR} 11... Nd7 12. O-O-O Be7 13.
Bxe7 Kxe7 14. Rd2 Nb6 15. Be2 Bd7 16. Rhd1 Nc8 17. Nc5 Rb8 18. e5 dxc5 19.
Rxd7+ Ke8 20. Bf3 N8e7 21. Bxc6 bxc6 22. Ra7 Nd5 23. Ne4 h6 24. c4 Nb6 25. Nd6+
Kf8 26. Nxf7 {Saastamoinen,A-Tuominen,M Finland 1994 1-0 (37)}) ({RR} 11... Nd7
12. Bh4 h6 13. O-O-O Rg8 14. Bf2 Kd8 15. a4 Kc7 16. Nd4 Rb8 17. h4 b6 18. Nxc6
Kxc6 19. Rd4 Kc7 20. Rc4+ Kd8 21. h5 Be7 22. Bh4 Bxh4 23. Rxh4 Ke7 24. Rh1 Bb7
25. Rd1 Rgd8 26. Rcd4 {Bertholee,R (2340)-Van den Doel,E (2440) Antwerp 1997
0-1 (79)}) 12. Bxf6 gxf6 13. O-O-O Rb8 14. Rhe1 Bd7 15. Bh5 Rg8 16. g3 Rg7 17.
Nd2 b5 18. Nf3 b4 19. Ne2 Rb5 20. g4 Be7 21. Ng3 Bd8 22. e5 dxe5 23. Ne4 Be7
24. Nd6+ Bxd6 25. Rxd6 Ke7 26. Red1 Nb8 27. f5 Bc6 28. fxe6 Bxf3 29. exf7 Rxf7
0-1

[Event "II Criciúma Chess Open - A1700 - 12-18"]
[Site "Criciúma SC"]
[Date "2024.01.16"]
[Round "7.5"]
[White "Matsuura, Everaldo"]
[Black "Perdomo, Leandro"]
[Result "1/2-1/2"]
[WhiteElo "2410"]
[BlackElo "2382"]
[PlyCount "19"]
[EventDate "2024.01.12"]
[EventRounds "9"]
[EventCountry "BRA"]

1. e4 e5 2. Nf3 Nc6 3. Bb5 a6 4. Ba4 Nf6 5. O-O d6 6. Bxc6+ bxc6 7. Re1 ({RR} 
7. Qe2 Be7 8. d4 exd4 9. Nxd4 Bd7 10. f4 c5 11. Nf3 d5 12. exd5 Nxd5 13. Qe5
Nf6 14. Re1 Kf8 15. Nc3 Bd6 16. Qe2 Bg4 17. h3 Bxf3 18. Qxf3 Rb8 19. b3 g6 20.
Bb2 Rg8 21. Rad1 Qd7 {Cavalcante,R (1801)-Santiago,M (1516) Florianopolis 2024
1-0}) ({RR} 7. d3 g6 8. Nc3 c5 9. h3 Bg7 10. Be3 Rb8 11. Rb1 h6 12. Nh2 g5 13.
g4 Be6 14. b3 Ng8 15. Ne2 h5 16. Ng3 hxg4 17. hxg4 Qf6 18. f3 Qh6 19. Rf2 Qg6
20. Nhf1 Ne7 21. c3 Nc6) ({RR} 7. Nc3 c5 8. d3 h6 9. h3 g5 10. Nh2 Be6 11. g4
Nd7 12. Qf3 Bg7 13. Ne2 Nf8 14. Ng3 Ng6 15. Nh5 Kf8 16. Bd2 Nf4 17. Nxg7 Kxg7
18. Bxf4 gxf4 19. Qg2 Qe7 20. Nf3 Rag8 21. Rfb1 Kh7) 7... Bg4 ({RR} 7... c5 8.
c3 Be7 9. d4 cxd4 10. cxd4 O-O ({RR} 10... exd4 11. Nxd4 Bd7 12. Nc3 O-O 13.
Bf4 Rb8 14. Qd2 Re8 15. Rac1 c5 16. Nde2 Qb6 17. b3 Rbd8 18. Be3 Qb7 19. f3 Bc6
20. Nf4 a5 21. Red1 Ra8) 11. Nc3 Bb7 12. Bg5 Nd7 13. Be3 Bf6 14. Qc2 Re8 15. d5
Nf8 16. Qb3 Qb8 17. Nd2 Bc8 18. Qc2 Bd7 19. Nc4 Qb4 20. b3 Reb8 21. Rab1 Qb7)
8. d3 $146 ({RR} 8. c3 Be7 9. h3 Bxf3 10. Qxf3 O-O 11. d3 Nd7 12. Nd2 Bg5 13.
Nc4 Rb8 14. b4 Bxc1 15. Raxc1 Qe7 16. a3 Qe6 17. Ne3 g6 18. d4 a5 19. d5 cxd5
20. Nxd5 Rfc8 21. Red1 Kg7 22. Ne3 Nb6 {Gipslis,A-Klovans,J Riga (Latvia) 1955
1/2-1/2 (46)}) ({RR} 8. h3 Bxf3 9. Qxf3 Be7 10. d3 O-O 11. Nd2 Nd7 12. Nc4 Nc5
13. Qg4 g6 14. Bh6 f5 15. Qe2 Rf7 16. exf5 Rxf5 17. d4 Ne6 18. dxe5 d5 19. Rad1
Bc5 20. Be3 Qf8 21. Bxc5 Qxc5 22. Ne3 Rxe5 {Grischuk,A (2763)-Alonso Rosell,A 
(2571) http://www.chessbomb.com 2021 1-0 (31)}) ({RR} 8. h3 Bxf3 9. Qxf3 Be7
10. d3 O-O 11. Nd2 Nd7 12. Nc4 Nc5 13. Qg4 g6 14. Bh6 f5 15. Qe2 Rf7 16. exf5
Rxf5 17. d4 Ne6 18. dxe5 d5 19. Rad1 Bc5 20. Be3 Qf8 21. Bxc5 Qxc5) ({RR} 8. h3
Bh5 9. d3 Be7 10. Nbd2 O-O 11. Nf1 Re8 12. Ng3 Bg6 13. Nh4 Nxe4 14. Nxg6 Nxg3
15. Nxe7+ Qxe7 16. fxg3 Rab8 17. Qg4 Qf6 18. Rf1 Qe6 19. Qxe6 Rxe6 20. b3 a5
21. a4 d5 22. Bd2 Ra8 {Antonio,M-Kina,C Sao Jose de Rio Preto 2007 1-0 (44)}) (
{RR} 8. c3 c5 9. d4 cxd4 10. cxd4 exd4 11. Qa4+ Qd7 12. Qxd7+ Bxd7 13. Nxd4 Be7
14. b4 O-O 15. Bb2 d5 16. a3 Rfe8 17. e5 c5 18. Nb3 c4 19. Nd4 Nh5 20. g3 a5
21. Nc3 Be6 22. Nc6 axb4 {Obon Temprano,S (1925)-Galve,O Barcelona 1997 1-0 
(36)}) 8... Nd7 9. Nbd2 Be7 10. Nf1 1/2-1/2

[Event "II Criciúma Chess Open - A1700 - 12-18"]
[Site "Criciúma SC"]
[Date "2024.01.16"]
[Round "7.6"]
[White "Gemy, Jose Daniel"]
[Black "Filgueiras, Nathan Felipe"]
[Result "1/2-1/2"]
[WhiteElo "2329"]
[BlackElo "2321"]
[PlyCount "35"]
[EventDate "2024.01.12"]
[EventRounds "9"]
[EventCountry "BRA"]

1. Nf3 d5 2. g3 Nf6 3. Bg2 e6 4. O-O Be7 5. d3 O-O 6. Nbd2 c5 7. e4 Nc6 8. Re1
Qc7 9. Qe2 Re8 10. e5 Nd7 11. Nf1 b5 ({RR} 11... f6 12. Bf4 fxe5 13. Nxe5 Ndxe5
14. Bxe5 Nxe5 15. Qxe5 Qxe5 16. Rxe5 Bf6 17. Re2 Bd7 18. c3 Bb5 19. c4 dxc4 20.
dxc4 Bxc4 21. Rc2 Bd5 22. Rxc5 Bxb2 23. Re1 Bd4 24. Rc2 Bxg2 25. Kxg2 Rac8 26.
Rce2 {Ingel,M (1370)-Shaul Seidner,L (1739) Tel Aviv ISR 2021 0-1 (61)}) 12.
Bf4 a5 13. h4 ({RR} 13. Ne3 Qb6 14. c3 Ba6 15. h4 Rad8 16. h5 d4 17. Ng4 c4 18.
dxc4 bxc4 19. cxd4 c3 20. Qe4 cxb2 21. Rab1 Rb8 22. Ng5 Bxg5 23. Bxg5 Qxd4 24.
Qxc6 Qxg4 25. Qxd7 Qxg5 26. Rxb2 Rbd8 27. Qc6 Bd3 {Bachmann,A (2566)-Zambrana,
O (2467) Luque 2012 0-1 (33)}) 13... a4 $146 ({RR} 13... Ba6 14. Ne3 b4 15. h5
h6 16. Ng4 c4 17. Qd2 cxd3 18. cxd3 Bf8 19. Bxh6 gxh6 20. Nxh6+ Bxh6 21. Qxh6
Bxd3 22. Re3 Bh7 23. Rc1 Ra6 24. g4 Qd8 25. Bf1 Rb6 26. Ng5 Nf8 27. f4 Nb8 28.
Rg3 {Flasik,R (2150)-Lednicky,M (2032) Komarno 1999 1-0 (49)}) ({RR} 13... b4
14. Ng5 Nf8 15. Ne3 Ng6 16. Nxd5 Qb7 17. Ne3 Qd7 18. Qh5 Bxg5 19. hxg5 Bb7 20.
Nc4 Nd4 21. Rac1 Bxg2 22. Kxg2 Qd5+ 23. f3 Ra7 24. Re4 Rd8 25. Be3 Nf5 26. Rh1
a4 27. Bf2 b3 28. cxb3 {Jareno Badenas,A (2063)-Sadrija,E (2241) Barbera del
Valles 2016 1-0 (37)}) 14. h5 h6 15. Ne3 Qa5 16. Ng4 Bf8 17. c3 Ba6 18. Rac1
1/2-1/2